| 000 | 01258cam a2200289 a 4500 | ||
|---|---|---|---|
| 001 | 000006533 | ||
| 005 | 20200929153940.0 | ||
| 008 | 910424s1990 ve a b 000 0 spa | ||
| 020 | _a9802224065 | ||
| 020 | _a980222426X | ||
| 020 | _a9802224278 | ||
| 040 |
_aDO-SdBNP _bspa _cLC _dBNPHU |
||
| 050 | 0 | 0 |
_aF2319 _b.P73 1990 |
| 082 |
_a987/.00498 _bP912e |
||
| 100 | 1 |
_aPrato-Perelli, Antoinette da. _918139 |
|
| 245 | 1 | 4 |
_aLas encomiendas de Nueva Andalucia en el siglo XVII : _bvisita hecha por don Fernando de la Riva Aguero, oidor de la Audiencia de Santo Domingo, 1688 : traslado y estudio preliminar / _cAntoinette da Prato-Perelli. |
| 260 |
_aCaracas : _bAcademia Nacional de la Historia, _c1990. |
||
| 300 |
_av. : _bil. ; _c23 cm. |
||
| 490 | 1 |
_aBiblioteca de la Academia Nacional de la Historia : _pFuentes para la Historia Colonial de Venezuela, _v202 _v203 |
|
| 650 | 0 |
_aIndians of south america _zVenezuela _xHistory _xSources. _918140 |
|
| 651 | 0 |
_aVenezuela _xHistory _yTo 1810 _xSources. _918141 |
|
| 650 | 0 |
_aEncomiendas (latin america) _xHistory _xSources. _918142 |
|
| 650 | 0 |
_aIndians of south america _zVenezuela _xPopulation. _918143 |
|
| 700 | 1 |
_aRiva Aguero, Fernando de la. _918144 |
|
| 910 | _aCatalogación por copia / LC | ||
| 049 | _aBNGR | ||
| 999 |
_c6324 _d6324 |
||